Workbook for the study of orchestration
Αποθηκεύτηκε σε:
| Κύριος συγγραφέας: | |
|---|---|
| Μορφή: | Βιβλίο |
| Γλώσσα: | Αγγλικά |
| Έκδοση: |
Nueva York
W. W. Norton
2002
|
| Έκδοση: | 3a. ed |
| Θέματα: | |
| Ετικέτες: |
Προσθήκη ετικέτας
Δεν υπάρχουν, Καταχωρήστε ετικέτα πρώτοι!
|
MARC
| LEADER | 00000cam a2200000 a 4500 | ||
|---|---|---|---|
| 001 | UCE1690 | ||
| 003 | CL-VaPUC | ||
| 008 | 140508e20020000us |||||||||||||||||eng|d | ||
| 020 | |a 0393977005 | ||
| 082 | 0 | 4 | |a 785.0284 |b ADL |2 21 |
| 100 | 0 | |a Adler, Samuel |e author |9 574071 | |
| 245 | 1 | 0 | |a Workbook for the study of orchestration |
| 250 | |a 3a. ed | ||
| 300 | |a 239 p | ||
| 942 | |c BK | ||
| 945 | |d 20140508 16:03:00 |a dcastane | ||
| 260 | |a Nueva York |b W. W. Norton |c 2002 | ||
| 500 | |a Incluye 6 cd's | ||
| 650 | 0 | |a Instrumentación |9 435399 | |
| 650 | 0 | |a Orquestación |9 458841 | |
| 583 | |a last modification |c 20140508 16:03:00 |k Rodrigo Vera | ||
| 999 | |c 355422 |d 355420 | ||
| 952 | |0 0 |1 0 |2 ddc |3 erb |4 0 |6 785_028400000000000_ADL_2002 |7 0 |8 A |9 462132 |a BIBEDU |b BIBEDU |c GEN |i 5076439 |l 8 |m 1 |o 785.0284 ADL 2002 |p 5076439 |q 2025-05-19 |r 2025-04-17 |s 2025-04-17 |w 2019-11-23 |y BK |z Catalogado en:20140508 |k MUS | ||
| 952 | |0 0 |1 0 |2 ddc |3 cd |4 0 |6 785_028400000000000_ADL_2002 |7 0 |8 A |9 462133 |a BIBEDU |b BIBEDU |c GEN |i 5076447 |o 785.0284 ADL 2002 |p 5076447 |r 2023-01-12 |w 2019-11-23 |y BK |z Catalogado en:20140508 |k MUS | ||